| 000 | 01341nam a2200313 i 4500 | ||
|---|---|---|---|
| 003 | OSt | ||
| 005 | 20260308103608.0 | ||
| 008 | 260308t20252025at af erb 000 0 eng | ||
| 020 |
_a9780645328097 _cRM 104.00 _qpaperback |
||
| 040 |
_aPPAK _beng _cPPAK _erda |
||
| 082 | 0 | 4 |
_223 _a356.10941 |
| 090 | 0 | 0 |
_a356.10941 _bLLO _dR |
| 100 | 1 |
_aLloyd, Stuart, _eauthor, _eillustrator. |
|
| 245 | 1 | 0 |
_aTHE MALAY EXPERIMENT : _bThe Colonial Origins and Homegrown Heroics of The Malay Regiment / _cStuart Lloyd ; FOREWORD BY BRIG-GEN DATO MOHAMED ARSHAD RAJI (RET) |
| 246 | 3 | 0 | _aColonial origins and homegrown heroics of the Malay Regiment |
| 246 | 3 | 4 |
_aMalay experiment : _bthe colonial origins and homegrown heroism of the Malay Regiment |
| 264 | 1 |
_a[Sydney?, N.S.W.] : _bCatMatDog Storytelling, _c[2025] |
|
| 264 | 4 | _c©2025 | |
| 300 |
_avii, 93 pages : _billustrations ; _c23 cm |
||
| 336 |
_atext _2rdacontent |
||
| 337 |
_aunmediated _2rdamedia |
||
| 338 |
_avolume _2rdacarrier |
||
| 504 | _aIncludes bibliographical references (pages 88-89). | ||
| 610 | 1 | 0 |
_aGreat Britain. Army. _bMalay Regiment. |
| 650 |
_aWorld War, 1939-1945 _zSingapore. |
||
| 651 | 0 |
_aSingapore _xHistory _yJapanese occupation, 1942-1945. |
|
| 700 | 0 |
_aMohamed Arshad Raji, _cBrig-Gen, Dato, _ewriter of foreword. |
|
| 942 |
_2ddc _cB |
||
| 999 |
_c203373 _d203373 |
||